| 000 | 00873nam a2200217 a 4500 | ||
|---|---|---|---|
| 003 | AM-YeHGA | ||
| 040 | _aAM-YeHGA | ||
| 090 | _c433353 | ||
| 005 | 20250617155334.0 | ||
| 008 | 180330s1954 ru b||||r|||||000|0|rus|| | ||
| 041 | 0 | _arus | |
| 100 | 1 | _aЗубов, Николай Николаевич | |
| 245 | 1 | 0 |
_aОтечественные мореплаватели - исследовател морей и океанов / _cН.Н. Зубов. |
| 260 |
_aМосква : _bГеографгиз, _c1954. |
||
| 300 |
_a475 с. : _bкарт. ; _c27 см. |
||
| 650 | 1 | 4 |
_aГеография _xИстория _zРоссия |
| 653 | 0 | _aГеографические открытия и исследования, русские | |
| 653 | 0 | _aМорские путешествия, русские | |
| 653 | 0 | _aМореплаватели русские | |
| 942 |
_2udc _cBK |
||
| 999 |
_c430794 _d430794 |
||